000 00735nam a22001937a 4500
003 OSt
005 20250220152612.0
008 240920b ||||| |||| 00| 0 eng d
040 _c0
082 _aDPer 372.05 EL269 2021 v. 122 n. 1-4
100 _aEckert, Jonathan.
_eauthor.
_961324
245 _aTeaching and leading for exemplary stem learning :
_b a multiple-case study /
_cJonathan Eckert, Jimmy Butler.
260 _aUSA ;
_bUnivirsity of Chicago Press,
_cFebruary 2021.
300 _avolume 122, pages 674-699,
_billustration.
500 _aThe Elementary School Journal, v. 122, n. 4, pages 674-699, June 2021
700 _aEckert, Jonathan.
_eauthor.
_961324
700 _aButler, Jimmy.
_eauthor.
_961325
942 _2ddc
_cPER
999 _c21740
_d21740